| Tag |
First Indicator |
Second Indicator |
Subfields |
| LEADER |
00000cam a22000001a 4500 |
| 001 |
in00002149261 |
| 006 |
m e d # |
| 007 |
cr mn mmmmabba |
| 008 |
870806s1786 nju s s000 0 eng d |
| 005 |
20260331150818.7 |
| 035 |
|
|
|z w037068
|
| 035 |
|
|
|a MAAR8708061306B
|
| 035 |
|
|
|9 mwa91-27938
|
| 035 |
|
|
|a 341615
|
| 035 |
|
|
|a aas03037068
|
| 040 |
|
|
|a MWA
|c MWA
|e bdrb
|d UtOrBLW
|
| 110 |
1 |
|
|a New Jersey.
|b Legislature.
|b General Assembly.
|
| 245 |
1 |
0 |
|a Votes and procedings of the eleventh General Assembly of the state of New-Jersey :
|b at a session begun at Trenton on the 24th day of October, 1786, and continued by adjournments. : Being the first sitting.
|
| 264 |
|
3 |
|a Trenton :
|b Printed by Isaac Collins, Printer to the state,
|c M.DCC.LXXXVI. [1786]
|
| 300 |
|
|
|a 76 pages ;
|c (folio)
|
| 336 |
|
|
|a text
|b txt
|2 rdacontent
|
| 337 |
|
|
|a computer
|b c
|2 rdamedia
|
| 338 |
|
|
|a online resource
|b cr
|2 rdacarrier
|
| 500 |
|
|
|a Votes from Oct. 24 to Nov. 24, 1786.
|
| 510 |
4 |
|
|a Evans
|c 19841
|
| 530 |
|
|
|a Microform version available in the Readex Early American Imprints series.
|
| 533 |
|
|
|a Electronic text and image data.
|b [Chester, Vt. :
|c Readex, a division of Newsbank, Inc.,
|d 2002-2004.
|e Includes files in TIFF, GIF and PDF formats with inclusion of keyword searchable text.
|f (Early American imprints. First series ; no. 19841).
|
| 500 |
|
|
|a Electronic resource.
|
| 752 |
|
|
|a United States
|b New Jersey
|d Trenton.
|
| 830 |
|
0 |
|a Early American imprints.
|n Series I,
|p Evans (1639-1800) ;
|v no. 19841.
|
| 856 |
4 |
1 |
|u http://proxy.library.tamu.edu/login?url=https://opac.newsbank.com/select/evans/19841
|y Evans Digital Edition
|t 0
|
| 999 |
|
|
|a MARS
|
| 999 |
f |
f |
|s e8c83271-8b2a-347f-b286-7b10a7bc1851
|i 8d32f25b-32d2-3a43-8c31-e6117fd4f197
|t 0
|
| 952 |
f |
f |
|a Texas A&M University
|b College Station
|c Electronic Resources
|s www_evans
|d Available Online
|t 0
|h No information provided
|
| 998 |
f |
f |
|t 0
|l Available Online
|